<?xml version="1.0" encoding="UTF-8"?>
<record
    xmlns:xsi="http://www.w3.org/2001/XMLSchema-instance"
    xsi:schemaLocation="http://www.loc.gov/MARC21/slim http://www.loc.gov/standards/marcxml/schema/MARC21slim.xsd"
    xmlns="http://www.loc.gov/MARC21/slim">

  <leader>00282nam a22001337a 4500</leader>
  <controlfield tag="003">SGT</controlfield>
  <datafield tag="020" ind1=" " ind2=" ">
    <subfield code="a">9788179103500</subfield>
  </datafield>
  <datafield tag="082" ind1=" " ind2=" ">
    <subfield code="a">302.2,SIN</subfield>
  </datafield>
  <datafield tag="100" ind1=" " ind2=" ">
    <subfield code="a">SINHA, MOSAM</subfield>
  </datafield>
  <datafield tag="245" ind1=" " ind2=" ">
    <subfield code="a">EFFECTIVE COMMUNICATION SKILLS </subfield>
  </datafield>
  <datafield tag="260" ind1=" " ind2=" ">
    <subfield code="a">JAIPUR</subfield>
    <subfield code="b">APD</subfield>
    <subfield code="c">2017</subfield>
  </datafield>
  <datafield tag="300" ind1=" " ind2=" ">
    <subfield code="a">182</subfield>
  </datafield>
  <datafield tag="942" ind1=" " ind2=" ">
    <subfield code="2">ddc</subfield>
    <subfield code="c">BK</subfield>
  </datafield>
  <datafield tag="952" ind1=" " ind2=" ">
    <subfield code="0">0</subfield>
    <subfield code="1">0</subfield>
    <subfield code="2">ddc</subfield>
    <subfield code="4">0</subfield>
    <subfield code="5">1</subfield>
    <subfield code="7">1</subfield>
    <subfield code="8">FE</subfield>
    <subfield code="a">FE</subfield>
    <subfield code="b">FE</subfield>
    <subfield code="c">REF</subfield>
    <subfield code="d">2026-01-23</subfield>
    <subfield code="e">BRIJWASI BOOK DISTRIBUTORS</subfield>
    <subfield code="g">725.00</subfield>
    <subfield code="i">SGTU</subfield>
    <subfield code="o">302.2,SIN</subfield>
    <subfield code="p">ED5464</subfield>
    <subfield code="r">2026-01-23 00:00:00</subfield>
    <subfield code="w">2025-12-20</subfield>
    <subfield code="y">BK</subfield>
    <subfield code="k">IN/BW/000365</subfield>
  </datafield>
  <datafield tag="952" ind1=" " ind2=" ">
    <subfield code="0">0</subfield>
    <subfield code="1">0</subfield>
    <subfield code="2">ddc</subfield>
    <subfield code="4">0</subfield>
    <subfield code="7">0</subfield>
    <subfield code="8">FE</subfield>
    <subfield code="a">FE</subfield>
    <subfield code="b">FE</subfield>
    <subfield code="c">TXT</subfield>
    <subfield code="d">2026-01-23</subfield>
    <subfield code="e">BRIJWASI BOOK DISTRIBUTORS</subfield>
    <subfield code="g">725.00</subfield>
    <subfield code="i">SGTU</subfield>
    <subfield code="l">0</subfield>
    <subfield code="o">302.2,SIN</subfield>
    <subfield code="p">ED5465</subfield>
    <subfield code="r">2026-01-23 00:00:00</subfield>
    <subfield code="w">2025-12-20</subfield>
    <subfield code="y">BK</subfield>
    <subfield code="k">IN/BW/000365</subfield>
  </datafield>
  <datafield tag="952" ind1=" " ind2=" ">
    <subfield code="0">0</subfield>
    <subfield code="1">0</subfield>
    <subfield code="2">ddc</subfield>
    <subfield code="4">0</subfield>
    <subfield code="7">0</subfield>
    <subfield code="8">FE</subfield>
    <subfield code="a">FE</subfield>
    <subfield code="b">FE</subfield>
    <subfield code="c">TXT</subfield>
    <subfield code="d">2026-01-23</subfield>
    <subfield code="e">BRIJWASI BOOK DISTRIBUTORS</subfield>
    <subfield code="g">725.00</subfield>
    <subfield code="i">SGTU</subfield>
    <subfield code="l">2</subfield>
    <subfield code="o">302.2,SIN</subfield>
    <subfield code="p">ED5466</subfield>
    <subfield code="r">2026-05-27 12:12:33</subfield>
    <subfield code="s">2026-05-27</subfield>
    <subfield code="w">2025-12-20</subfield>
    <subfield code="y">BK</subfield>
    <subfield code="k">IN/BW/000365</subfield>
  </datafield>
  <datafield tag="999" ind1=" " ind2=" ">
    <subfield code="c">33490</subfield>
    <subfield code="d">33490</subfield>
  </datafield>
</record>
